000 00249nam a2200097Ia 4500
001 735455
005 20250826163853.0
008 250824s9999 xx 000 0 und d
245 0 _aÖĞRETMEN NEDEN ÇILDIRDI
_cMAVİSEL YENER
260 _bTUDEM YAYINLARI
999 _c735455
_d735455